LEADER 00511nas a2200157 i 4500 001 000000132343 003 CaOOAMICUS 005 20041207000000.0 008 041207b it uu u0 0ita r 013 $a105300 040 $aSeMil$bita 245 10$aTitolo mancante. 773 0 $tPeriodici popolari del Risorgimento.$dMilano : Feltrinelli $w()12614 850 $aSeMil 852 $aSeMil$W1$xVenegono$y1$m209 1 3-4$j86260$B86260$CSeMilBibl$Z2$F90030 $82 996 $6245$aTitolo mancante$9(OLS)http://semarc/title/46445 LEADER 02045nam a2200445 4500 001 000000348441 003 CaOOAMICUS 005 20211216092852.0 008 211110s2014 it 000 u ita r 040 $aSeMil$bita 100 0 $aFranciscus I,$c.$0(OLS)http://semarc/name/2737 245 10$aParole sante :$bpiccola antologia sui valori del credito cooperativo /$cPapa Francesco, San Giovanni Paolo 2. e San Giovanni 23. 264 1$aRoma :$bECRA,$cStampa 2014. 300 $a94 p. ;$c17 cm 541 0 $aOmaggio mons. Mario Delpini (2A I 424) 650 4$aGiovanni XXIII - Scritti e discorsi.$0(OLS)http://semarc/subject/532 650 4$aGiovanni Paolo II - Scritti e discorsi.$0(OLS)http://semarc/subject/7130 650 4$aFrancesco I - Scritti, discorsi, omelie, lettere pastorali, etc.$0(OLS)http://semarc/subject/44574 650 4$aCredito cooperativo.$0(OLS)http://semarc/subject/51281 700 0 $aIoannes XXIII,$c.$0(OLS)http://semarc/name/1335 700 0 $aIoannes Paulus II,$c.$0(OLS)http://semarc/name/646 850 $aSeMil 852 $aSeMil$W1$xVenegono$y1$m2A I 424$j230581$B239509$CSeMilBibl$Z2$F239509 $81 900 1 $aBergoglio, Jorge Mario,$d<1936-2025>. 900 0 $aFrancesco I$c. 900 1 $aWojtyla, Karol,$d<1920-2005>. 900 0 $aGiovanni Paolo II$c. 900 1 $aRoncalli, Angelo Giuseppe,$d<1881-1963>. 900 0 $aGiovanni XXIII$c. 941 1 $a7 961 $aOmaggio mons. Mario Delpini 996 $6245$aParole sante :$bpiccola antologia sui valori del credito cooperativo$9(OLS)http://semarc/title/437834 996 $6264$aRoma :$bECRA$9(OLS)http://semarc/publisher/33150